Provincias de España - Estadísticas

Estadísticas generales
  • Esta prueba ha sido intentada 48 veces
  • La puntuación promedio es 47 de 50
Estadísticas de respuestas
Comunidad autónoma Provincia % Correcto
Cataluña Barcelona
100%
Andalucía Cádiz
100%
Andalucía Huelva
100%
Andalucía Málaga
100%
Región de Murcia Murcia
100%
Andalucía Sevilla
100%
Comunidad Valenciana Valencia
100%
Principado de Asturias Asturias
98%
Extremadura Badajoz
98%
Extremadura Cáceres
98%
Comunidad Valenciana Castellón
98%
Andalucía Córdoba
98%
Cataluña Gerona
98%
Andalucía Granada
98%
Andalucía Jaén
98%
Canarias Las Palmas
98%
Comunidad de Madrid Madrid
98%
Canarias Santa Cruz de Tenerife
98%
Castilla-La Mancha Albacete
95%
Comunidad Valenciana Alicante
95%
Andalucía Almería
95%
Cantabria Cantabria
95%
Galicia La Coruña
95%
La Rioja La Rioja
95%
Galicia Lugo
95%
Navarra Navarra
95%
Galicia Pontevedra
95%
Castilla y León Salamanca
95%
Cataluña Tarragona
95%
Aragón Zaragoza
95%
Castilla y León Burgos
93%
Aragón Huesca
93%
Castilla y León León
93%
Aragón Teruel
93%
Castilla-La Mancha Toledo
93%
Castilla y León Valladolid
93%
Islas Baleares Baleares
90%
Castilla-La Mancha Ciudad Real
90%
Galicia Orense
90%
Castilla y León Palencia
90%
Castilla-La Mancha Cuenca
88%
Castilla-La Mancha Guadalajara
88%
Castilla y León Segovia
88%
Castilla y León Soria
88%
Castilla y León Zamora
88%
País Vasco Álava
85%
Cataluña Lérida
85%
Castilla y León Ávila
83%
País Vasco Vizcaya
83%
País Vasco Guipúzcoa
75%
No se encontraron pruebas coincidentes
Distribución de puntuación
Porcentaje de gente con cada puntuación
Porcentaje por número respondido
Historial de tus puntuaciones
No has intentado esta prueba.